<?xml version="1.0" encoding="UTF-8"?>
<marc:record xmlns:marc="http://www.loc.gov/MARC21/slim">
   <marc:leader>00000nam a2200000 a 4500</marc:leader>
   <marc:datafield ind1="1" ind2=" " tag="100">
      <marc:subfield code="a">Kerkeling, Hape</marc:subfield>
      <marc:subfield code="4">aut</marc:subfield>
      <marc:subfield code="e">Verfasser/-in</marc:subfield>
   </marc:datafield>
   <marc:datafield ind1="0" ind2="0" tag="245">
      <marc:subfield code="a">Gebt mir etwas Zeit</marc:subfield>
   </marc:datafield>
   <marc:datafield ind1="0" ind2="0" tag="245">
      <marc:subfield code="b">meine Chronik der Ereignisse</marc:subfield>
   </marc:datafield>
   <marc:datafield ind1=" " ind2="1" tag="264">
      <marc:subfield code="a">München</marc:subfield>
      <marc:subfield code="b">Piper</marc:subfield>
      <marc:subfield code="c">2024</marc:subfield>
   </marc:datafield>
   <marc:datafield ind1="1" ind2=" " tag="520">
      <marc:subfield code="a">Hape Kerkeling in Bestform: In seinem neuen Buch setzt er nicht nur entscheidende Etappen seines Lebens fort, sondern taucht tief in die bewegte Geschichte seiner Vorfahren ein. Berührend und mit unvergleichlichem Sinn für Komik erzählt er von seiner Kindheit in den Siebzigern und den Glanzzeiten der TV-Unterhaltung, von Liebe, Vorsehung und dem Goldenen Zeitalter der Niederlande. Er führt in die Anfänge seiner Fernsehkarriere und folgt den Spuren der Kerckrings zurück bis ins blühende Amsterdam des 17. Jahrhunderts. Verwebt dabei lustvoll Erinnerungen mit Recherchen, eigenes Erleben mit Historie und Ahnenforschung. Und kommt schließlich auch hinter ein unglaubliches Geheimnis, das seine geliebte Großmutter Bertha zeit ihres Lebens umgab.</marc:subfield>
   </marc:datafield>
   <marc:datafield ind1=" " ind2=" " tag="020">
      <marc:subfield code="a">9783492058001</marc:subfield>
      <marc:subfield code="9">9783492058001</marc:subfield>
   </marc:datafield>
   <marc:datafield ind1=" " ind2=" " tag="041">
      <marc:subfield code="a">ger</marc:subfield>
   </marc:datafield>
   <marc:datafield ind1="1" ind2=" " tag="521">
      <marc:subfield code="a">0</marc:subfield>
   </marc:datafield>
   <marc:datafield ind1=" " ind2=" " tag="300">
      <marc:subfield code="a">368 Seiten</marc:subfield>
   </marc:datafield>
</marc:record>
